Les langues officielles en Amérique du Sud - Statistiques

Statistiques générales
  • Ce quiz a été pris 209 fois
  • Le résultat moyen est 13 sur 20
Statistiques - réponses
Pays Langue % Correct
Argentine Espagnol
99%
Espagnol
99%
Chili Espagnol
99%
Colombie Espagnol
99%
Équateur Espagnol
99%
Paraguay Espagnol
99%
Pérou Espagnol
99%
Uruguay Espagnol
99%
Venezuela Espagnol
99%
Brésil Portugais
98%
Guyana Anglais
78%
Suriname Néerlandais
51%
Bolivie Quechua
36%
Quechua
36%
Guarani
18%
Guarani
18%
Aymara
13%
Aymara
13%
Shuar
2%
Kichwa
1%
Aucun quiz correspondant
Distribution des résultats
% des personnes avec chaque résultat
Percentile par nombre de réponses
Votre historique - résultats
Vous n’avez pas pris ce quiz